00256 a2200109 4500001000700000020000600007040001100013100001800024240005000042245004500092362000900137168038 a  cMagnum aMarin, Marilu10aPrincipes dos mares x senhores das mataslpor10aPrincipes dos mares x senhores das matas0 a1899